Environmental heroes : (Record no. 125873)
[ view plain ]
| 000 -LEADER | |
|---|---|
| fixed length control field | 00766nam a22002417a 4500 |
| 005 - DATE AND TIME OF LATEST TRANSACTION | |
| control field | 20170124110001.0 |
| 010 ## - LIBRARY OF CONGRESS CONTROL NUMBER | |
| LC control number | B-060445 |
| 020 ## - INTERNATIONAL STANDARD BOOK NUMBER | |
| Terms of availability | 125.00 |
| International Standard Book Number | 0333935012 |
| 035 ## - SYSTEM CONTROL NUMBER | |
| System control number | B-060445 |
| 037 ## - SOURCE OF ACQUISITION | |
| Source of stock number/acquisition | Cen Lib/Ret |
| 040 ## - CATALOGING SOURCE | |
| Original cataloging agency | DPL |
| Language of cataloging | EN |
| 082 ## - DEWEY DECIMAL CLASSIFICATION NUMBER | |
| Classification number | 363.7 |
| Item number | GRA |
| 100 ## - MAIN ENTRY--PERSONAL NAME | |
| Personal name | Graham, Kevin |
| 9 (RLIN) | 15826 |
| 245 ## - TITLE STATEMENT | |
| Title | Environmental heroes : |
| Statement of responsibility, etc | by Kevin Graham [and] Gary Chandler |
| Remainder of title | success stories of people at work for the earth / |
| 260 ## - PUBLICATION, DISTRIBUTION, ETC. (IMPRINT) | |
| Place of publication, distribution, etc | New Delhi |
| Name of publisher, distributor, etc | Macmillan India |
| Date of publication, distribution, etc | 1996 |
| 270 ## - ADDRESS | |
| City | New Delhi |
| Address | 2/10, Ansari road, daryaganj |
| 300 ## - PHYSICAL DESCRIPTION | |
| Extent | ix,244p. : |
| Dimensions | 20cm(pbk) |
| Other physical details | ill. |
| 500 ## - GENERAL NOTE | |
| General note | Includes index |
| 650 ## - SUBJECT ADDED ENTRY--TOPICAL TERM | |
| Topical term or geographic name as entry element | Environmental science |
| 9 (RLIN) | 10584 |
| 650 ## - SUBJECT ADDED ENTRY--TOPICAL TERM | |
| Topical term or geographic name as entry element | Ecology |
| 9 (RLIN) | 155 |
| 700 ## - ADDED ENTRY--PERSONAL NAME | |
| Personal name | Chandler, Gary |
| 9 (RLIN) | 89125 |
| 942 ## - ADDED ENTRY ELEMENTS (KOHA) | |
| Source of classification or shelving scheme | Dewey Decimal Classification |
| Koha item type | English Books |
| Classification part | 363.7 |
| Call number suffix | GRA |
| Withdrawn status | Lost status | Damaged status | Not for loan | Home library | Current library | Date acquired | Source of acquisition | Cost, normal purchase price | Total Checkouts | Full call number | Barcode | Date last seen | Date checked out | Copy number | Cost, replacement price | Price effective from | Koha item type |
|---|---|---|---|---|---|---|---|---|---|---|---|---|---|---|---|---|---|
| Central Library | Central Library | 23/06/2015 | Cen Lib/Ret | 125.00 | 1 | 363.7 GRA | B-060445 | 30/10/2019 | 12/10/2019 | 1 | 125.00 | 23/06/2015 | English Books |
